Loreto College Library, Kolkata
WEBOPAC (ONLINE PUBLIC ACCESS CATALOGUE)

England under the Stuarts (Record no. 8405)

MARC details
000 -LEADER
fixed length control field 00682nam a2200217Ia 4500
008 - FIXED-LENGTH DATA ELEMENTS--GENERAL INFORMATION
fixed length control field 131103s9999 xx 000 0 und d
040 ## - CATALOGING SOURCE
Original cataloging agency Loreto College
041 ## - LANGUAGE CODE
Language code English
082 ## - DDC | ডিউই
Classification number | বর্গসংখ্যা 942.06/TRE
Book Number | গ্রন্থাঙ্ক LCLIB/15733;28801,27435
100 ## - MAIN ENTRY--PERSONAL NAME | মুখ্য সংলেখ - ব্যাক্তিনাম
Personal name | ব্যাক্তিনাম Trevelyan,George Macaulay
245 ## - TITLE STATEMENT | অাখ্যা বিবরণী
Title | অাখ্যা England under the Stuarts
Statement of responsibility | লেখকের দায়িত্বের বিবরণ George Macaulay Trevelyan
250 ## - EDITION STATEMENT | সংস্করণ ক্ষেত্র
Edition statement | সংস্করণ 21st ed.
260 ## - IMPRINT | প্রকাশনা ক্ষেত্র
Place of publication | প্রকাশ স্থান London
Name of publisher | প্রকাশকের নাম Methuen & Co.
Date of publication | প্রকাশ কাল 1949 (1957 printing)
300 ## - PHYSICAL DESCRIPTION |
Page / Vol. No | পৃষ্ঠা / খন্ড সংখ্যা xiii,466 p.
Other physical details | অনান্য বাহ্যিক বিবরণ ill.,maps
440 ## - SERIES STATEMENT |গ্রন্থমালা
Series Title | গ্রন্থমালা অাখ্যা A History Of England
504 ## - BIBLIOGRAPHY, ETC. NOTE
Bibliography, etc Acc. no 27435 is published by Surjeet Publication
650 ## - SUBJECT ADDED ENTRY--TOPICAL TERM | বিষয় শিরোনাম - মূল বিষয়
Topical term | মূল বিষয় Period Of Stuart
651 ## - SUBJECT ADDED ENTRY--GEOGRAPHIC NAME | বিষয় শিরোনাম - ভৌগলিক নাম
Geographic name | ভৌগলিক বিষয় England - History,1603 - 1714
850 ## - HOLDING INSTITUTION
Holding institution LCLIB
942 ## - ADDED ENTRY ELEMENTS (KOHA)
Koha item type Books
Holdings
Withdrawn status Lost status Damaged status Not for loan Home library Current library Date acquired Total Checkouts Full call number Accession No. Date last seen Price effective from Koha item type
        Loreto College Loreto College 04/11/2013   942.06/TRE LCLIB/15733;28801,27435 B8278 04/11/2013 04/11/2013 Books